[Event "Canadian op"]
[Site "Calgary"]
[Date "2023.07.22"]
[Round "1"]
[White "Zhang, James Hanzhong"]
[Black "Kostadinov, George"]
[Result "0-1"]
[WhiteElo "1599"]
[BlackElo "2076"]
[PlyCount "62"]
[EventDate "2023.07.22"]
[EventType "swiss"]
[EventRounds "10"]
[EventCountry "CAN"]
[SourceTitle "EXT 2024"]
[Source "ChessBase"]
[SourceDate "2023.10.10"]
[SourceVersion "1"]
[SourceVersionDate "2023.10.10"]
[SourceQuality "1"]

1. e4 c5 2. Nf3 d6 3. d4 cxd4 4. Nxd4 Nf6 5. Nc3 a6 6. Bg5 e6 7. f4 Be7 8. Qf3 Qc7 9. 0-0-0 Nbd7 10. g4 h6 11. Bxf6 Bxf6 12. h4 Qb6 13. Nb3 Be7 14. f5 Ne5 15. Qg3 Bd7 16. Bg2 a5 17. a4 Qb4 18. Rd4 Qb6 19. Rhd1 Rc8 20. Bf1 Qc7 21. R1d2 0-0 22. g5 Kh7 23. Rg2 Rg8 24. Qf2 Bc6 25. Bb5 Rcd8 26. Nd2 d5 27. Bxc6 bxc6 28. exd5 Bc5 29. fxe6 fxe6 30. dxe6 Bxd4 31. Qf5+ g6 0-1

[Event "Banff op"]
[Site "Banff"]
[Date "2022.11.13"]
[Round "6"]
[White "Kostadinov, George"]
[Black "Malek, Omid"]
[Result "1-0"]
[WhiteElo "2066"]
[BlackElo "2014"]
[PlyCount "59"]
[EventDate "2022.11.11"]
[EventType "swiss"]
[EventRounds "6"]
[EventCountry "CAN"]
[SourceTitle "CBM 211 Extra"]
[Source "ChessBase"]
[SourceDate "2023.01.31"]
[SourceVersion "1"]
[SourceVersionDate "2023.01.31"]
[SourceQuality "1"]

1. c4 c5 2. Nc3 Nc6 3. g3 g6 4. Bg2 Bg7 5. Nf3 d6 6. d3 e6 7. 0-0 Nge7 8. e3 e5 9. a3 a5 10. Rb1 0-0 11. Bd2 h6 12. Re1 f5 13. Qc1 g5 14. Kh1 Ng6 15. Nd5 e4 16. dxe4 fxe4 17. Ng1 Rxf2 18. Rf1 Rxg2 19. Kxg2 Nce5 20. Bc3 Nd3 21. Qd1 Nge5 22. Qc2 Be6 23. Bxe5 Bxe5 24. Nc3 Bxc4 25. Nxe4 d5 26. Rf5 Qe7 27. Nf2 Bxb2 28. Nf3 Qxe3 29. Rxb2 g4 30. Nxg4 1-0

[Event "Banff op"]
[Site "Banff"]
[Date "2022.11.13"]
[Round "5"]
[White "Yearwood, Roy"]
[Black "Kostadinov, George"]
[Result "0-1"]
[WhiteElo "1890"]
[BlackElo "2066"]
[PlyCount "60"]
[EventDate "2022.11.11"]
[EventType "swiss"]
[EventRounds "6"]
[EventCountry "CAN"]
[SourceTitle "CBM 211 Extra"]
[Source "ChessBase"]
[SourceDate "2023.01.31"]
[SourceVersion "1"]
[SourceVersionDate "2023.01.31"]
[SourceQuality "1"]

1. e4 c5 2. Nf3 d6 3. c3 Nf6 4. Bd3 Nc6 5. 0-0 e6 6. Bc2 Be7 7. d4 cxd4 8. cxd4 0-0 9. Nc3 e5 10. d5 Nb4 11. Bb1 Bd7 12. Be3 Ng4 13. Bd2 g6 14. h3 Nf6 15. Qb3 a5 16. Be3 Qc8 17. Rc1 Bxh3 18. gxh3 Qxh3 19. Nh2 Ng4 20. Nf1 f5 21. f3 Qxf3 22. Qd1 Qh3 23. Qd2 f4 24. Bb6 f3 25. Be3 f2+ 26. Bxf2 Rxf2 27. Qxf2 Nxf2 28. Kxf2 Rf8+ 29. Kg1 Bh4 30. Nh2 Rf2 0-1

[Event "Banff op"]
[Site "Banff"]
[Date "2022.11.12"]
[Round "4"]
[White "Kostadinov, George"]
[Black "Taylor, Tristan"]
[Result "1/2-1/2"]
[WhiteElo "2066"]
[BlackElo "1919"]
[PlyCount "52"]
[EventDate "2022.11.11"]
[EventType "swiss"]
[EventRounds "6"]
[EventCountry "CAN"]
[SourceTitle "CBM 211 Extra"]
[Source "ChessBase"]
[SourceDate "2023.01.31"]
[SourceVersion "1"]
[SourceVersionDate "2023.01.31"]
[SourceQuality "1"]

1. d4 Nf6 2. c4 e6 3. Nf3 d5 4. g3 dxc4 5. Bg2 c6 6. Ne5 Bb4+ 7. Bd2 Be7 8. e3 b5 9. Nxc6 Nxc6 10. Bxc6+ Bd7 11. Bxa8 Qxa8 12. 0-0 e5 13. f3 exd4 14. exd4 0-0 15. a3 Nd5 16. Nc3 Bf6 17. Nxd5 Qxd5 18. Bc3 Bf5 19. Re1 Bd3 20. Qd2 Qxf3 21. Re3 Qd5 22. Rxd3 cxd3 23. Qxd3 Rd8 24. Re1 g6 25. Re4 Bg7 26. Qe2 h5 1/2-1/2

[Event "Calgary op 11th"]
[Site "Calgary"]
[Date "2018.08.14"]
[Round "1"]
[White "Mikhalevski, Victor"]
[Black "Kostadinov, George"]
[Result "1-0"]
[WhiteElo "2560"]
[BlackElo "2052"]
[PlyCount "55"]
[EventDate "2018.08.14"]
[EventType "swiss"]
[EventRounds "9"]
[EventCountry "CAN"]
[SourceTitle "CBM 186 Extra"]
[Source "ChessBase"]
[SourceDate "2018.08.24"]
[SourceVersion "1"]
[SourceVersionDate "2018.08.24"]
[SourceQuality "1"]

1. Nf3 d5 2. g3 c5 3. Bg2 Nf6 4. 0-0 Nc6 5. d4 e6 6. c4 cxd4 7. Nxd4 Bc5 8. Nxc6 bxc6 9. Qc2 Bb6 10. Nc3 0-0 11. Na4 Ba6 12. b3 Qe7 13. Bb2 Rfc8 14. Rac1 Ba5 15. Rfd1 Bb4 16. e3 Rab8 17. Be5 Bd6 18. Bxd6 Qxd6 19. Qc3 Qb4 20. Qxb4 Rxb4 21. Nc5 Rb6 22. Bf1 dxc4 23. e4 g6 24. a4 cxb3 25. Bxa6 Rcb8 26. f3 g5 27. g4 Kg7 28. Rb1 1-0

[Event "Victoria Grand Pacific op"]
[Site "Victoria"]
[Date "2018.04.02"]
[Round "6.7"]
[White "Kostadinov, George"]
[Black "Doknjas, John"]
[Result "0-1"]
[WhiteElo "2173"]
[BlackElo "2291"]
[PlyCount "74"]
[EventDate "2018.03.30"]
[EventType "swiss"]
[EventRounds "6"]
[EventCountry "CAN"]
[SourceTitle "EXT 2022"]
[Source "ChessBase"]
[SourceDate "2021.10.06"]
[SourceVersion "1"]
[SourceVersionDate "2021.10.06"]
[SourceQuality "1"]

1. d4 Nf6 2. c4 c5 3. d5 e6 4. Nc3 exd5 5. cxd5 d6 6. Nf3 g6 7. Bf4 a6 8. a4 Bg7 9. h3 0-0 10. e3 Qe7 11. Nd2 Nh5 12. Bh2 f5 13. Be2 f4 14. e4 Qg5 15. Bf3 Nd7 16. Nc4 Ne5 17. Nxd6 c4 18. Qe2 Ng3 19. fxg3 fxg3 20. Bg1 Nxf3+ 21. gxf3 g2 22. Rh2 Qg3+ 23. Qf2 Qxd6 24. Qxg2 Bd7 25. h4 b5 26. h5 b4 27. Nd1 c3 28. hxg6 hxg6 29. bxc3 bxc3 30. Rc1 Rab8 31. Ne3 Rb2 32. Nc2 Qf4 33. Be3 Qxf3 34. Qxf3 Rxf3 35. Ke2 Rf7 36. Rf2 Rxf2+ 37. Bxf2 Bxa4 0-1

[Event "Battle of Alberta"]
[Site "Red Deer"]
[Date "2017.09.09"]
[Round "2.11"]
[White "Ludwig, Michael1111"]
[Black "Kostadinov, George"]
[Result "0-1"]
[WhiteElo "1953"]
[BlackElo "2022"]
[PlyCount "80"]
[EventDate "2017.09.09"]
[EventType "team-match"]
[EventRounds "2"]
[EventCountry "CAN"]
[SourceTitle "EXT 2019"]
[Source "ChessBase"]
[SourceDate "2018.10.10"]
[SourceVersion "1"]
[SourceVersionDate "2018.10.10"]
[SourceQuality "1"]
[WhiteTeam "Alberta North"]
[BlackTeam "Alberta South"]
[WhiteTeamCountry "CAN"]
[BlackTeamCountry "CAN"]

1. d4 d5 2. Bf4 Nf6 3. e3 c6 4. c3 e6 5. Nf3 Be7 6. Nbd2 0-0 7. Bd3 Nbd7 8. h3 b6 9. 0-0 Bb7 10. Re1 c5 11. a3 Ne4 12. Ne5 f5 13. f3 Nxd2 14. Qxd2 Nf6 15. Rad1 Nh5 16. Bh2 Bh4 17. Re2 Ng3 18. Bxg3 Bxg3 19. e4 cxd4 20. exf5 dxc3 21. Qxc3 Rc8 22. Qd4 exf5 23. Bb5 Rc7 24. Qa4 Qd6 25. Nd3 a5 26. Qd4 Rfc8 27. f4 Bh4 28. Rdd2 Bf6 29. Qa4 Re7 30. Rxe7 Qxe7 31. Bd7 Rd8 32. Bb5 Qe3+ 33. Rf2 Bd4 34. Kf1 Rc8 35. Qd1 g6 36. Qe2 Kg7 37. Qxe3 Bxe3 38. Re2 d4 39. Ne1 Be4 40. g3 Rc1 0-1

[Event "Grand Pacific op 11th"]
[Site "Victoria"]
[Date "2017.04.16"]
[Round "5"]
[White "Kostadinov, George"]
[Black "Cao, Jason"]
[Result "0-1"]
[WhiteElo "2001"]
[BlackElo "2336"]
[PlyCount "94"]
[EventDate "2017.04.14"]
[EventType "tourn"]
[EventRounds "6"]
[EventCountry "CAN"]
[SourceTitle "CBM 178 Extra"]
[Source "ChessBase"]
[SourceDate "2017.06.22"]
[SourceVersion "1"]
[SourceVersionDate "2017.06.22"]
[SourceQuality "1"]

1. d4 Nf6 2. c4 e6 3. g3 d5 4. Nf3 Bb4+ 5. Bd2 Be7 6. Bg2 0-0 7. Qc2 c6 8. 0-0 b6 9. Rd1 Ba6 10. Ne5 Nfd7 11. b3 Nxe5 12. dxe5 Nd7 13. Bc3 Qc7 14. f4 Rac8 15. Nd2 b5 16. Bd4 bxc4 17. bxc4 Nb6 18. e3 Nxc4 19. Nxc4 Bxc4 20. e4 Qa5 21. Kh1 Bc5 22. Bc3 Qa6 23. f5 Rfd8 24. Qd2 d4 25. Ba5 Rd7 26. f6 g6 27. Bb4 Bxb4 28. Qxb4 Qb5 29. Rab1 a5 30. Qd2 Qxe5 31. Rdc1 Ba6 32. Rb6 Bb5 33. Qh6 Qxf6 34. Rxb5 d3 35. Qd2 Qd4 36. Rbc5 Rb8 37. Rxc6 Rb2 38. Qh6 d2 39. Rc8+ Rd8 40. Rxd8+ Qxd8 41. Rd1 Rb1 42. Bf3 Qd3 43. Kg2 Rxd1 44. Bxd1 Qxe4+ 45. Kh3 Qe1 46. Bf3 Qf1+ 47. Bg2 Qf5+ 0-1

[Event "Grand Pacific op 11th"]
[Site "Victoria"]
[Date "2017.04.15"]
[Round "3"]
[White "Kostadinov, George"]
[Black "Sohal, Tanraj"]
[Result "0-1"]
[WhiteElo "2001"]
[BlackElo "2301"]
[PlyCount "92"]
[EventDate "2017.04.14"]
[EventType "tourn"]
[EventRounds "6"]
[EventCountry "CAN"]
[SourceTitle "CBM 178 Extra"]
[Source "ChessBase"]
[SourceDate "2017.06.22"]
[SourceVersion "1"]
[SourceVersionDate "2017.06.22"]
[SourceQuality "1"]

1. d4 Nf6 2. c4 e6 3. g3 d5 4. Nf3 Nc6 5. Bg2 dxc4 6. 0-0 Rb8 7. Qc2 b5 8. a3 Bb7 9. Rd1 Be7 10. Nc3 a6 11. Bg5 Na5 12. e4 Nb3 13. Rab1 h6 14. Bxf6 Bxf6 15. e5 Be7 16. d5 exd5 17. e6 0-0 18. exf7+ Rxf7 19. Ne5 c6 20. Nxf7 Kxf7 21. Qh7 Bf6 22. Bf3 Nd4 23. Bh5+ Ke7 24. Re1+ Kd6 25. Re8 Qc7 26. Rbe1 Rxe8 27. Rxe8 Kc5 28. Bg4 Qf7 29. Rb8 Be5 30. Rg8 Nb3 31. Qh8 Qg6 32. Bc8 Bxc3 33. bxc3 Nd2 34. Kg2 Qe4+ 35. Kh3 Nf3 36. Kg2 Nd2+ 37. Kh3 Nf3 38. Kg2 Ne5+ 39. Kf1 Qh1+ 40. Ke2 Qe4+ 41. Kf1 Qh1+ 42. Ke2 Nd3 43. Re8 Qe1+ 44. Kf3 Qxf2+ 45. Kg4 Bxc8+ 46. Rxc8 Ne5+ 0-1

[Event "Grand Pacific op 11th"]
[Site "Victoria"]
[Date "2017.04.14"]
[Round "1"]
[White "Kostadinov, George"]
[Black "Low, Kevin"]
[Result "1-0"]
[WhiteElo "2001"]
[BlackElo "1854"]
[PlyCount "111"]
[EventDate "2017.04.14"]
[EventType "tourn"]
[EventRounds "6"]
[EventCountry "CAN"]
[SourceTitle "CBM 178 Extra"]
[Source "ChessBase"]
[SourceDate "2017.06.22"]
[SourceVersion "1"]
[SourceVersionDate "2017.06.22"]
[SourceQuality "1"]

1. d4 Nf6 2. c4 e6 3. g3 Be7 4. Nf3 b6 5. Bg2 Bb7 6. 0-0 0-0 7. Nc3 d6 8. d5 e5 9. e4 Nbd7 10. Nh4 Re8 11. Nf5 Bf8 12. g4 Kh8 13. h4 a5 14. Bg5 Ba6 15. Qe2 Qc8 16. Rfd1 Ng8 17. b3 Nc5 18. Bf3 Ne7 19. h5 Rb8 20. Kg2 Qd7 21. Nb5 Nxf5 22. gxf5 Bxb5 23. cxb5 Be7 24. Be3 Rg8 25. Rh1 g6 26. fxg6 fxg6 27. h6 Rbf8 28. Bg4 Qe8 29. Bxc5 bxc5 30. Be6 Rf4 31. Bxg8 Kxg8 32. Rh3 Qd7 33. f3 Bh4 34. Kh2 Qe7 35. Rg1 Rf8 36. Qd2 Rf4 37. Qxa5 Bf2 38. Rg2 Bd4 39. Qe1 Qf8 40. Rgg3 Qa8 41. a4 c4 42. Qd1 c3 43. b4 Qf8 44. Qc2 Qf6 45. Kg2 Kh8 46. a5 g5 47. b6 cxb6 48. axb6 g4 49. Rxg4 Rxg4+ 50. fxg4 Qf4 51. b7 Ba7 52. Rxc3 Qxh6 53. Rc8+ Kg7 54. Qc7+ Kg6 55. Rg8+ Kf6 56. Qxd6+ 1-0

[Event "Calgary March of Kings"]
[Site "Calgary"]
[Date "2017.??.??"]
[Round "3"]
[White "Haessel, Dale R"]
[Black "Kostadinov, George"]
[Result "1-0"]
[WhiteElo "2142"]
[BlackElo "2001"]
[PlyCount "52"]
[EventDate "2017.03.11"]
[EventType "swiss"]
[EventRounds "5"]
[EventCountry "CAN"]
[SourceTitle "EXT 2019"]
[Source "ChessBase"]
[SourceDate "2018.10.10"]
[SourceVersion "1"]
[SourceVersionDate "2018.10.10"]
[SourceQuality "1"]

1. d4 d5 2. c4 c6 3. Nc3 Nf6 4. e3 a6 5. Nf3 Bf5 6. Be2 e6 7. Nh4 Be4 8. f3 Bg6 9. 0-0 c5 10. cxd5 exd5 11. Nxg6 hxg6 12. Qc2 Bd6 13. a3 cxd4 14. exd4 Nc6 15. Be3 Kf8 16. Rfe1 Qc7 17. Bf1 Na5 18. Rac1 Rc8 19. Bf2 b5 20. Qb1 Qb7 21. a4 Nc4 22. axb5 axb5 23. Nxb5 Qxb5 24. b3 Qd7 25. bxc4 dxc4 26. Qa1 c3 1-0

[Event "Calgary March of Kings"]
[Site "Calgary"]
[Date "2017.??.??"]
[Round "2"]
[White "Kostadinov, George"]
[Black "Bhavik, Dave"]
[Result "1-0"]
[WhiteElo "2001"]
[BlackElo "1750"]
[PlyCount "57"]
[EventDate "2017.03.11"]
[EventType "swiss"]
[EventRounds "5"]
[EventCountry "CAN"]
[SourceTitle "EXT 2019"]
[Source "ChessBase"]
[SourceDate "2018.10.10"]
[SourceVersion "1"]
[SourceVersionDate "2018.10.10"]
[SourceQuality "1"]

1. d4 Nf6 2. c4 g6 3. Nc3 d5 4. cxd5 Nxd5 5. e4 Nxc3 6. bxc3 Bg7 7. Qa4+ Nd7 8. Qa3 c5 9. Nf3 0-0 10. Bd3 b6 11. 0-0 Bb7 12. Rb1 Qc7 13. Bg5 Rfe8 14. Rfe1 Rac8 15. Bh4 cxd4 16. cxd4 e5 17. Rbc1 Qb8 18. Rxc8 Rxc8 19. Bg3 f6 20. Bb5 Bc6 21. Bc4+ Kh8 22. Bb3 Rd8 23. dxe5 fxe5 24. Ng5 Rf8 25. Nf7+ Rxf7 26. Bxf7 Nc5 27. Bd5 Bb5 28. h3 Bh6 29. Qb2 1-0

[Event "Victoria Grand Pacific op 10th"]
[Site "Victoria"]
[Date "2016.03.27"]
[Round "4"]
[White "Kostadinov, George"]
[Black "Wu, Howard"]
[Result "1/2-1/2"]
[WhiteElo "2080"]
[BlackElo "2226"]
[PlyCount "116"]
[EventDate "2016.03.25"]
[EventType "swiss"]
[EventRounds "6"]
[EventCountry "CAN"]
[SourceTitle "CBM 171 Extra"]
[Source "ChessBase"]
[SourceDate "2016.04.26"]
[SourceVersion "1"]
[SourceVersionDate "2016.04.26"]
[SourceQuality "1"]

1. d4 Nf6 2. c4 c5 3. d5 b5 4. cxb5 a6 5. bxa6 g6 6. Nc3 Bxa6 7. e4 Bxf1 8. Kxf1 d6 9. g3 Bg7 10. Kg2 0-0 11. Nf3 Nbd7 12. Qc2 Ng4 13. b3 Qa5 14. Bd2 Nge5 15. Nxe5 Nxe5 16. Rab1 Qa3 17. Rhd1 Rfb8 18. Bc1 Qa5 19. Bd2 Qa6 20. a4 Rc8 21. f4 Ng4 22. Re1 c4 23. b4 Qa7 24. Re2 Qd4 25. h3 Qd3 26. Qxd3 cxd3 27. Ree1 Bxc3 28. Bxc3 Rxc3 29. hxg4 Rxa4 30. Red1 Ra2+ 31. Kf3 d2+ 32. Kf2 Rc1 33. Ke2 Rac2 34. Rb3 Rc3 35. Rb2 Rxg3 36. Kxd2 Rc4 37. Re1 Kf8 38. b5 Rd4+ 39. Kc1 Rc3+ 40. Kb1 Rc7 41. b6 Rb7 42. Kc2 Ra4 43. g5 Ke8 44. Kd3 e6 45. dxe6 fxe6 46. Rh1 d5 47. exd5 exd5 48. Ke3 Re4+ 49. Kf3 Re6 50. Kg4 d4 51. Rd1 Rd6 52. Rd3 Kf7 53. Rb4 Rbxb6 54. Rxb6 Rxb6 55. Rxd4 Rb5 56. Rd7+ Kg8 57. Rd2 Rf5 58. Kf3 Rf7 1/2-1/2

[Event "Battle of Alberta 20th"]
[Site "Red Deer"]
[Date "2015.09.12"]
[Round "2.10"]
[White "Hughey, Micah"]
[Black "Kostadinov, George"]
[Result "1-0"]
[WhiteElo "2113"]
[BlackElo "2075"]
[PlyCount "67"]
[EventDate "2015.09.12"]
[EventType "team-match"]
[EventRounds "2"]
[EventCountry "CAN"]
[SourceTitle "EXT 2017"]
[Source "ChessBase"]
[SourceDate "2016.10.25"]
[SourceVersion "1"]
[SourceVersionDate "2016.10.25"]
[SourceQuality "1"]
[WhiteTeam "Alberta North"]
[BlackTeam "Alberta South"]
[WhiteTeamCountry "CAN"]
[BlackTeamCountry "CAN"]

1. e4 c5 2. Nf3 d6 3. c3 Qa5 4. h3 Nc6 5. Bd3 g6 6. 0-0 Bg7 7. Bc2 b5 8. d4 cxd4 9. cxd4 Bb7 10. d5 Ne5 11. Nxe5 Bxe5 12. Nc3 a6 13. f4 Bg7 14. Be3 Nh6 15. f5 Ng8 16. g4 Nf6 17. e5 dxe5 18. g5 Nh5 19. Bc5 Nf4 20. Rxf4 exf4 21. f6 Bf8 22. Qd4 e5 23. Qxe5+ Kd7 24. b4 Re8 25. Bf5+ gxf5 26. Qxf5+ Kd8 27. Be7+ Rxe7 28. fxe7+ Bxe7 29. bxa5 Rg8 30. h4 h6 31. Qxf7 Rf8 32. Qe6 Bc5+ 33. Kh2 hxg5 34. Ne4 1-0

[Event "Battle of Alberta 20th"]
[Site "Red Deer"]
[Date "2015.09.12"]
[Round "1.10"]
[White "Kostadinov, George"]
[Black "Hughey, Micah"]
[Result "1/2-1/2"]
[WhiteElo "2075"]
[BlackElo "2113"]
[PlyCount "40"]
[EventDate "2015.09.12"]
[EventType "team-match"]
[EventRounds "2"]
[EventCountry "CAN"]
[SourceTitle "EXT 2017"]
[Source "ChessBase"]
[SourceDate "2016.10.25"]
[SourceVersion "1"]
[SourceVersionDate "2016.10.25"]
[SourceQuality "1"]
[WhiteTeam "Alberta South"]
[BlackTeam "Alberta North"]
[WhiteTeamCountry "CAN"]
[BlackTeamCountry "CAN"]

1. d4 d5 2. c4 e6 3. Nf3 c5 4. cxd5 exd5 5. g3 Nc6 6. Bg2 Nf6 7. Nc3 Be7 8. dxc5 d4 9. Na4 0-0 10. 0-0 Bf5 11. Bd2 Be4 12. b4 Qd5 13. Qb3 Qh5 14. b5 Ne5 15. Nxe5 Bxg2 16. Kxg2 Qxe5 17. Bf4 Qe4+ 18. Qf3 Qc2 19. Qb3 Qe4+ 20. Qf3 Qc2 1/2-1/2

[Event "Calgary op 8th"]
[Site "Calgary"]
[Date "2015.08.02"]
[Round "7"]
[White "Ng, Gary"]
[Black "Kostadinov, George"]
[Result "1-0"]
[WhiteElo "2194"]
[BlackElo "2089"]
[PlyCount "57"]
[EventDate "2015.07.29"]
[EventType "swiss"]
[EventRounds "9"]
[EventCountry "CAN"]
[SourceTitle "EXT 2017"]
[Source "ChessBase"]
[SourceDate "2016.10.25"]
[SourceVersion "1"]
[SourceVersionDate "2016.10.25"]
[SourceQuality "1"]

1. b4 d5 2. Bb2 Nf6 3. Nf3 e6 4. a3 Bd6 5. e3 0-0 6. c4 b6 7. Nc3 a5 8. b5 Bb7 9. d4 Nbd7 10. cxd5 exd5 11. Qb3 Qe7 12. Bd3 Qe6 13. 0-0 Rfe8 14. a4 Ne4 15. Ba3 Rac8 16. Rac1 Qe7 17. Bxd6 Qxd6 18. Rc2 Re6 19. Rfc1 Rh6 20. Ne2 Kh8 21. Ng3 Nxg3 22. hxg3 g6 23. Rc3 Nf6 24. Ne5 Kg7 25. Qc2 Ne8 26. Be2 Ba8 27. Bg4 Rd8 28. Rxc7 Nxc7 29. Qxc7 1-0

[Event "Victoria Grand Pacific op 9th"]
[Site "Victoria"]
[Date "2015.04.03"]
[Round "1"]
[White "Kostadinov, George"]
[Black "Ingram, Richard"]
[Result "0-1"]
[WhiteElo "2201"]
[BlackElo "1869"]
[PlyCount "66"]
[EventDate "2015.04.03"]
[EventType "swiss"]
[EventRounds "6"]
[EventCountry "CAN"]
[SourceTitle "CBM 166 Extra"]
[Source "ChessBase"]
[SourceDate "2015.06.18"]
[SourceVersion "1"]
[SourceVersionDate "2015.06.18"]
[SourceQuality "1"]

1. d4 Nf6 2. c4 e6 3. Nf3 b6 4. g3 Ba6 5. Qc2 Bb4+ 6. Bd2 Bxd2+ 7. Nbxd2 Bb7 8. Bg2 Na6 9. e4 d5 10. exd5 exd5 11. Ne5 0-0 12. 0-0 c5 13. dxc5 Nxc5 14. b4 Ne6 15. Rfd1 Qc7 16. Qb2 Rfe8 17. Rac1 d4 18. Nef3 a5 19. a3 axb4 20. axb4 d3 21. Rc3 Rad8 22. Ra3 Bxf3 23. Nxf3 Qxc4 24. Rc3 Qb5 25. Bf1 Nc5 26. Ra3 Nfe4 27. Nd4 Qc4 28. Nc6 Qc2 29. Qxc2 dxc2 30. Rxd8 Rxd8 31. Nxd8 c1Q 32. Ra8 h5 33. bxc5 Nd2 0-1

[Event "North American op 24th"]
[Site "Las Vegas"]
[Date "2014.12.26"]
[Round "1"]
[White "Li, Ruifeng"]
[Black "Kostadinov, George"]
[Result "0-1"]
[WhiteElo "2358"]
[BlackElo "2109"]
[PlyCount "146"]
[EventDate "2014.12.26"]
[EventType "swiss"]
[EventRounds "9"]
[EventCountry "USA"]
[SourceTitle "CBM 164 Extra"]
[Source "ChessBase"]
[SourceDate "2015.03.02"]
[SourceVersion "1"]
[SourceVersionDate "2015.03.02"]
[SourceQuality "1"]

1. e4 c5 2. Nf3 d6 3. d4 cxd4 4. Nxd4 Nf6 5. Nc3 a6 6. Be3 e5 7. Nb3 Be7 8. Be2 Be6 9. 0-0 Nbd7 10. Qd3 Rc8 11. a4 Bc4 12. Qd2 Qc7 13. f3 0-0 14. Rfd1 b6 15. Qe1 Qb7 16. Bxc4 Rxc4 17. Nd2 Rc6 18. Nf1 Rfc8 19. Bg5 Bf8 20. Ne3 b5 21. axb5 axb5 22. Bxf6 Nxf6 23. Ncd5 Nxd5 24. Rxd5 f5 25. c3 b4 26. Rd3 Ra6 27. exf5 e4 28. fxe4 Qxe4 29. Rad1 Re8 30. Qf2 d5 31. Nxd5 Qxd3 32. Rxd3 Ra1+ 33. Qf1 Bc5+ 34. Rd4 Rxf1+ 35. Kxf1 Bxd4 36. cxd4 Rd8 37. Nxb4 Rxd4 38. Nc6 Rc4 39. Ne7+ Kf7 40. Nd5 Rd4 41. Ne3 Rb4 42. Kf2 Rxb2+ 43. Kf3 Kf6 44. h3 h5 45. h4 Rb3 46. Kf4 Rb4+ 47. Kg3 Ke5 48. Nf1 Rb3+ 49. Kh2 Kxf5 50. Nd2 Re3 51. Nf3 Kg4 52. Nd4 g6 53. Nc2 Re4 54. Na3 Kxh4 55. Nb1 Kg4 56. Nd2 Re2 57. Nf3 h4 58. Ng1 Re8 59. Nh3 g5 60. Nf2+ Kh5 61. Nh3 g4 62. Ng1 Re1 63. Kh1 Kg5 64. Kh2 Kf4 65. g3+ hxg3+ 66. Kg2 Ke3 67. Kh1 g2+ 68. Kxg2 Kf4 69. Kf2 Re8 70. Kg2 Re1 71. Kf2 Rxg1 72. Kxg1 Kg3 73. Kh1 Kf2 0-1

[Event "Calgary Alberta op"]
[Site "Calgary"]
[Date "2014.10.13"]
[Round "6.10"]
[White "Gold, Itohan"]
[Black "Kostadinov, George"]
[Result "0-1"]
[WhiteElo "2031"]
[BlackElo "2205"]
[PlyCount "56"]
[EventDate "2014.10.11"]
[EventType "swiss"]
[EventRounds "6"]
[EventCountry "CAN"]
[SourceTitle "EXT 2022"]
[Source "ChessBase"]
[SourceDate "2021.10.06"]
[SourceVersion "1"]
[SourceVersionDate "2021.10.06"]
[SourceQuality "1"]

1. e4 c5 2. Nf3 d6 3. d4 cxd4 4. Nxd4 Nf6 5. Nc3 a6 6. Be3 e5 7. Nb3 Be7 8. f3 Be6 9. Qd2 d5 10. exd5 Nxd5 11. Nxd5 Qxd5 12. Bd3 Nd7 13. Qf2 Qc6 14. 0-0 f5 15. Kh1 0-0 16. Qe2 Bf6 17. c3 e4 18. fxe4 fxe4 19. Bc2 Bc4 20. Qg4 Bxf1 21. Rxf1 Ne5 22. Qg3 Ng6 23. Rd1 Rad8 24. Nd4 Bxd4 25. Bxd4 Rxd4 26. Bb3+ Rc4 27. h4 b5 28. h5 Nf4 0-1

[Event "Calgary Alberta op"]
[Site "Calgary"]
[Date "2014.10.13"]
[Round "5.5"]
[White "Pechenkin, Vladimir"]
[Black "Kostadinov, George"]
[Result "1-0"]
[WhiteElo "2388"]
[BlackElo "2205"]
[PlyCount "95"]
[EventDate "2014.10.11"]
[EventType "swiss"]
[EventRounds "6"]
[EventCountry "CAN"]
[SourceTitle "EXT 2022"]
[Source "ChessBase"]
[SourceDate "2021.10.06"]
[SourceVersion "1"]
[SourceVersionDate "2021.10.06"]
[SourceQuality "1"]

1. c4 c6 2. g3 Nf6 3. Bg2 d5 4. Nf3 g6 5. b3 Bg7 6. Bb2 Qb6 7. Qc2 Bf5 8. d3 Na6 9. Nbd2 Rd8 10. 0-0 0-0 11. a3 Bg4 12. b4 Rc8 13. Rab1 Rfd8 14. h3 Bxf3 15. Nxf3 Nd7 16. d4 Nf6 17. Ne5 Nb8 18. Rfc1 e6 19. e3 Nbd7 20. Nd3 Ne4 21. Bxe4 dxe4 22. Nc5 Nxc5 23. bxc5 Qa5 24. Bc3 Qa6 25. Qxe4 Qxc4 26. Ba5 Qd5 27. Qxd5 Rxd5 28. Rxb7 e5 29. dxe5 Bxe5 30. Rxa7 Bb2 31. Rc2 Bxa3 32. Bb6 Rd1+ 33. Kg2 Rc1 34. Rxc1 Bxc1 35. Ra2 Re8 36. Kf3 Re5 37. Ke2 Rd5 38. Ra8+ Kg7 39. Rc8 Rd2+ 40. Kf1 Kf6 41. Rxc6+ Ke5 42. Rc7 f5 43. Rxh7 Rc2 44. Re7+ Kf6 45. Bd8 Rd2 46. Rd7+ Ke6 47. Rxd2 Bxd2 48. c6 1-0

[Event "Red Deer Battle of Alberta"]
[Site "Red Deer"]
[Date "2014.09.13"]
[Round "2.6"]
[White "Arruebarrena Rodriguez, Rafael"]
[Black "Kostadinov, George"]
[Result "1-0"]
[WhiteElo "2277"]
[BlackElo "2202"]
[PlyCount "71"]
[EventDate "2014.09.13"]
[EventType "team-match"]
[EventRounds "2"]
[EventCountry "CAN"]
[SourceTitle "EXT 2022"]
[Source "ChessBase"]
[SourceDate "2021.10.06"]
[SourceVersion "1"]
[SourceVersionDate "2021.10.06"]
[SourceQuality "1"]
[WhiteTeam "North"]
[BlackTeam "South"]
[WhiteTeamCountry "CAN"]
[BlackTeamCountry "CAN"]

1. e4 c5 2. Nf3 d6 3. d4 cxd4 4. Nxd4 Nf6 5. Nc3 a6 6. Be2 e5 7. Nb3 Be7 8. 0-0 Be6 9. f4 Qc7 10. Kh1 h5 11. a4 Nbd7 12. a5 Rc8 13. Be3 Ng4 14. Bg1 Ndf6 15. f5 Bc4 16. Bxc4 Qxc4 17. Qf3 Qc6 18. Rfd1 g6 19. Rd2 0-0 20. h3 Kg7 21. Rf1 Qc4 22. Bb6 Rh8 23. Kg1 Nh6 24. fxg6 fxg6 25. Rxd6 Rhf8 26. Rdd1 Nxe4 27. Qxe4 Rxf1+ 28. Rxf1 Qxe4 29. Nxe4 Rxc2 30. Rf2 Rc4 31. Nc3 Nf5 32. Nd2 Rc6 33. Nde4 Bh4 34. Rd2 Ng3 35. Rd7+ Kg8 36. Rd6 1-0